Guess the song NO HINTS #4 - Statistics

General Stats
  • This quiz has been taken 5 times
  • The average score is 140 of 349
Answer Stats
Answer % Correct
a
67%
all
67%
But
67%
I
67%
If
67%
if
67%
in
67%
is
67%
it
67%
it's
67%
It's
67%
its
67%
no
67%
of
67%
Oh,
67%
on
67%
the
67%
The
67%
This
67%
time
67%
to
67%
when
67%
where
67%
You
67%
you
67%
about
33%
and
33%
And
33%
answer
33%
be
33%
Because
33%
beginning
33%
better
33%
bit
33%
broken
33%
canter
33%
care
33%
'cause
33%
comes
33%
coming
33%
could
33%
crying
33%
don't
33%
easy
33%
even
33%
find
33%
finish
33%
hard
33%
heart
33%
Here
33%
Isn't
33%
I've
33%
just
33%
know
33%
life
33%
like
33%
mend
33%
movin'
33%
never
33%
only
33%
out
33%
over
33%
rest
33%
right
33%
running
33%
see
33%
shame
33%
should
33%
start
33%
tell
33%
than
33%
That
33%
that
33%
They
33%
things
33%
times
33%
was
33%
were
33%
wrong
33%
You'll
33%
your
33%
you're
33%
acting
0%
ae'
0%
art
0%
belong
0%
caring
0%
daein'
0%
Detail
0%
enough
0%
felt
0%
fire
0%
Flashbacks
0%
game
0%
graftin'
0%
half
0%
hardest
0%
impossible
0%
king
0%
lead
0%
less
0%
mind
0%
More
0%
outside
0%
part
0%
pawn
0%
place
0%
playin
0%
playin'
0%
playing
0%
pretending
0%
put
0%
rain
0%
raining
0%
realisation
0%
role
0%
roof
0%
song
0%
stanza
0%
tragedy
0%
wanker
0%
wee
0%
write
0%
No matching quizzes found
Score Distribution
Percent of People with Each Score
Percentile by Number Answered
Your Score History
You have not taken this quiz